| 000 | 00907cam a2200289Ia 4500 | ||
|---|---|---|---|
| 001 | 41860 | ||
| 005 | 20230410130745.0 | ||
| 008 | 040607s2003 mx ah rb 000 0 spa | ||
| 035 | _a(OCoLC)ocm55602708 | ||
| 040 |
_aUIA _bspa _cUIA _dOCLCQ |
||
| 020 | _a970628754X | ||
| 020 | _a9789706287540 | ||
| 035 | _a(OCoLC)55602708 | ||
| 050 | 1 | 4 |
_aPN 6728 _bP972c 2003 |
| 049 | _aGRAL | ||
| 100 | 1 | _aPruneda, Salvador. | |
| 245 | 1 | 3 |
_aLa caricatura como arma política / _cSalvador Pruneda. |
| 260 |
_aMéxico : _bInstituto Nacional de Estudios Históricos de la Revolución Mexicana, _c2003. |
||
| 300 |
_a455 p. : _bil., facsim. ; _c23 cm. |
||
| 440 | 0 | _aColección fuentes y documentos | |
| 500 | _aEdición facsimilar de la publicada en 1958. | ||
| 650 | 0 |
_aCaricatures and cartoons _zMexico. |
|
| 650 | 4 |
_aCaricaturas _zMéxico. |
|
| 942 |
_2lcc _cbk |
||
| 994 |
_aC0 _bDRFGD |
||
| 946 | _aYSepulveda | ||
| 999 |
_c79850 _d79850 |
||